1824 1642 1724 1170 1056 1421 1812 1089 1244 1476 1365 1889 1905 1217 1548 1370 1009 1513 1920 1022 1561 1465 1884 1989 1991 1793 1832 1571 1463 1245 1796 1383 1627 1538 1578 1522 1004 1511 1541 1015 1965 1888 1489 1532 1248 1963 1393 1848 1240 1567 1946 1958 1075 1838 1969 1149 1661 1730 1496 1101 1040 1787 1409 1454 1019 1468 1109 1916 1894 1801 1607 1796 1987 1416 1789 1226 1581 1262 1648 1639 1738 1634 1531 1031 1303 1287 1782 1176 1610 1251 1110 1227 1491 1681 1207 1807 1426 1791 1990 BCNSPRNW ULIB Ver.6.0+V

เปลี่ยนเป็นภาษาไทย

Change to English
 แสดงรายละเอียดบรรณานุกรม
  กลับหน้าหลัก

Brief Record : Get Marc (ISO 2709) : E-mail record : QR code < ปิดหน้าต่าง
LEADER : 00000nam 2200000uu 4500
001    13399111555
003     ULIB
008    110701s||||||||th 000 0 tha d
020    9786165510585
060 04 QV55^bอ264ค 2552
100 0  อภิฤดี เหมะจุฑา
245 10 ยาที่มีความเสี่ยงสูง /^cอภิฤดี เหมะจุฑา
250    พิมพ์ครั้งที่ 1
260    กรุงเทพฯ :^bคณะเภสัชศาสตร์ จุฬาลงกรณ์มหาวิทยาลัย,^c2552
300    (6), 300 หน้า :^bภาพประกอบ ;^c21 ซม.
650  7 การใช้ยา
650  7 ยา
650  7 ยา^xความเสี่ยง
945    ^p259^l0^i16852
945    ^p259^l0^i16851
995    กัณชพร
999    ^aใช้งานได้ทุกระบบ
รายการนี้ยังไม่มีแท็ก
คุณยังไม่ได้ล็อกอิน คุณสามารถมีกิจกรรมร่วมกับเว็บไซต์ได้ แต่ต้องล็อกอินก่อน ::
  ล็อกอิน

รายการสื่อสารสนเทศ

ลำดับที่ ประเภท เลขเรียก/บาร์โค้ด สถานที่ สถานะ
- ไม่พบข้อมูล -

รายการใกล้เคียง
    ผู้แต่ง [อภิฤดี เหมะจุฑา]

    หัวเรื่อง [การใช้ยา]
    หัวเรื่อง [ยา]

BibComment


ยังไม่เคยถูกคอมเมนท์

คอมเมนท์ทรัพยากรรายการนี้
  คอมเมนท์: ยาที่มีความเสี่ยง..


 Copyright 2026. Bcnsprnw @Library